[Event "ROU-ch Men 2018"]
[Site "Olanesti"]
[Date "2018.05.14"]
[Round "1"]
[White "Iustin, Silviu"]
[Black "Secheres, Adrian-Simion"]
[Result "0-1"]
[WhiteElo "1962"]
[BlackElo "2404"]
[Annotator "TA"]
[PlyCount "54"]
[EventDate "2018.??.??"]
[EventType "swiss"]
[EventCountry "ROU"]
[SourceTitle "playchess.com"]
[Source "ChessBase"]
[SourceQuality "1"]

{[%evp 12,54,18,13,10,18,83,34,70,35,36,29,43,-31,0,-33,-33,-29,-36,-139,-110,-204,-196,-200,-200,-224,-125,-140,-133,-196,-114,-125,-117,-141,-124,-209,-203,-172,-124,-108,-125,-448,-441,-441,-439]} 1. e4 c5 2. Nf3 a6 3. d4 cxd4 4. Nxd4 Nf6 5. Nc3 e5 6. Nf3 d6 7. Bg5 (7. g3 {is interesting.} Nc6 8. Bg2 Be7 9. O-O O-O 10. Re1) 7... Be6 {B94: Sicilian Najdorf: 6 Bg5 Nbd7} 8. Bxf6 (8. Be2 Nbd7 9. O-O h6 10. Bxf6 Nxf6 11. Re1 Be7 12. Bf1 O-O 13. a4 Rc8 14. Qd2 Qc7 15. Rac1 Rfd8 16. Nd5 Nxd5 17. exd5 Bg4 18. Qe3 Bxf3 19. Qxf3 Bg5 20. Ra1 Qxc2 {0-1 (54) Davydov,S (2195)-Gabdrakhmanov,R (2413) Kazan 2008}) 8... gxf6 (8... Qxf6 $11 {remains equal.} 9. Nd5 Qd8) 9. Be2 $146 ({Predecessor:} 9. Nd5 Qa5+ 10. b4 Qd8 11. Bc4 Rg8 12. O-O Nd7 13. Qd3 Nb6 14. Nd2 Rc8 15. Bb3 Nxd5 16. exd5 {1-0 (34) Valenti,G (2165)-Laketic,M (2074) Lignano Sabbiadoro 2017}) 9... Nd7 {White is slightly better.} 10. Nh4 Nb6 11. Bg4 Qd7 12. Bxe6 ({Better is} 12. Bf3 $14) 12... fxe6 $15 13. Qh5+ Qf7 14. Qxf7+ Kxf7 15. Rd1 (15. O-O-O $15) 15... Rc8 16. Ke2 (16. Rd3 $17 {might work better.}) 16... Nc4 $19 17. Rb1 b5 18. Nd1 d5 (18... Bh6 $19 {Hoping for ...Nd2.} 19. Nf3 Rhg8) 19. exd5 $17 exd5 20. Nf5 (20. c3 $17) 20... h5 ({Black should try} 20... Ke6 $19 21. g4 h5) 21. c3 Ke6 22. Nfe3 Nb6 23. Kd3 (23. g3 $17 {is a better defense.}) 23... Bh6 $19 24. g3 {[#]} d4 $1 {[%mdl 512]} 25. cxd4 Rhd8 26. Nc2 $2 {[%mdl 8192] [#]} (26. Re1 $17) 26... e4+ $1 {[%mdl 512]} 27. Kxe4 {Strongly threatening Kd3.} Rxc2 {Precision: White = 28%, Black = 53%.} 0-1

[Event "ROU-ch Men 2018"]
[Site "Olanesti"]
[Date "2018.05.14"]
[Round "1"]
[White "Craciun, Ovidiu"]
[Black "Dobre, Claudiu-Cristian"]
[Result "0-1"]
[WhiteElo "1931"]
[BlackElo "2393"]
[Annotator "ChessBase"]
[PlyCount "49"]
[EventDate "2018.??.??"]
[EventType "swiss"]
[EventCountry "ROU"]
[SourceTitle "playchess.com"]
[Source "ChessBase"]
[SourceQuality "1"]
[TimeControl "40/5400+30:1800+30"]

1. e4 {[%emt 0:00:00]} Nc6 {[%emt 0:00:30]} 2. Nf3 {[%emt 0:01:57]} d6 {[%emt 0:00:10]} 3. d4 {[%emt 0:00:58]} Nf6 {[%emt 0:00:08]} 4. Nc3 {[%emt 0:00:19]} Bg4 {[%emt 0:00:13]} 5. Be3 {[%emt 0:00:24]} e6 {[%emt 0:00:11]} 6. Be2 {[%emt 0:09:23]} d5 {[%emt 0:00:13]} 7. e5 {[%emt 0:11:55]} Nd7 {[%emt 0:00:24]} 8. h3 {[%emt 0:09:11]} Bh5 {[%emt 0:01:35]} 9. Ng5 {[%emt 0:07:46]} Bxe2 {[%emt 0:04:36]} 10. Qxe2 {[%emt 0:00:37]} Nxd4 {[%emt 0:13:31]} 11. Bxd4 {[%emt 0:21:11]} Qxg5 {[%emt 0:00:15]} 12. O-O {[%emt 0:05:41]} c6 {[%emt 0:14:39]} 13. f4 {[%emt 0:01:52]} Qg6 {[%emt 0:01:52]} 14. Qf2 {[%emt 0:06:27]} Be7 {[%emt 0:07:19]} 15. Kh2 {[%emt 0:04:19]} h5 {[%emt 0:11:54]} 16. Bxa7 {[%emt 0:02:54]} Qf5 {[%emt 0:05:06]} 17. Bd4 {[%emt 0:04:05]} g5 {[%emt 0:22:40]} 18. fxg5 {[%emt 0:00:43]} Qxf2 {[%emt 0:00:22]} 19. Rxf2 {[%emt 0:00:13]} Bxg5 {[%emt 0:01:43]} 20. b4 {[%emt 0:02:17]} Rg8 {[%emt 0:07:23]} 21. a4 {[%emt 0:02:59]} f6 {[%emt 0:00:59]} 22. exf6 {[%emt 0:00:37]} Kf7 {[%emt 0:00:13]} 23. Re2 {[%emt 0:02:21]} e5 {[%emt 0:01:16]} 24. Bxe5 {[%emt 0:00:35]} Nxe5 {[%emt 0:00:37]} 25. Rxe5 0-1

[Event "ROU-ch Men 2018"]
[Site "Olanesti"]
[Date "2018.05.14"]
[Round "1"]
[White "Rauca, Horatiu-Augustin"]
[Black "Stoleriu, George"]
[Result "0-1"]
[WhiteElo "1897"]
[BlackElo "2333"]
[Annotator "NA"]
[PlyCount "74"]
[EventDate "2018.??.??"]
[EventType "swiss"]
[EventCountry "ROU"]
[SourceTitle "playchess.com"]
[Source "ChessBase"]
[SourceQuality "1"]
[TimeControl "40/5400+30:1800+30"]

{[%evp 10,74,-23,-27,-11,-27,-1,-16,-11,-34,-15,-51,-10,-16,-12,-16,-6,0,0,-10,-3,-70,32767,32767,32767,32767,32767,32767,32767,32767,32767,32767,32767,32767,32767,-94,-110,-110,-77,-81,-79,-82,-77,-108,32767,-55,-76,-79,-80,-85,-94,32767,-61,32767,32767,-88,-99,32767,-235,-377,-372,-445,32767,-532,-514,-779,-869]} 1. g3 {[%emt 0:00:05]} e5 {[%emt 0:02:09]} 2. Bg2 {[%emt 0:00:22]} Nc6 {[%emt 0:00:03]} 3. d3 {[%emt 0:00:36]} g6 {[%emt 0:00:08]} 4. b3 {[%emt 0:00:37] A00: Irregular Openings} (4. e4 Bg7 5. Nc3 Nge7 6. f4 d6 7. Nf3 O-O 8. O-O f5 9. fxe5 dxe5 10. exf5 gxf5 11. Bd2 h6 12. a4 a5 13. Qe2 Be6 14. Nb5 Qd7 15. Bc3 Ng6 16. h4 {0-1 (37) Popovic,D (2528)-Ivic,V (2394) Ruma 2017}) 4... Bg7 {[%emt 0:00:09]} 5. Bb2 {[%emt 0:00:07]} Nge7 {[%emt 0:00:53]} 6. e3 {[%emt 0:00:55]} O-O {[%emt 0:00:16]} 7. Ne2 {[%emt 0:01:42]} d6 {[%emt 0:02:59]} 8. Nd2 {[%emt 0:02:05]} Be6 {[%emt 0:01:18] LiveBook: 3 Games} 9. a3 {[%emt 0:06:49]} Qd7 {[%emt 0:01:00]} 10. h3 {[%emt 0:03:18]} Bd5 $146 {[%emt 0:07:30]} ({Predecessor:} 10... a5 11. Nf3 h6 {½-½ (59) Blatny,P (2351)-Groetz,H (2335) Austria 2017}) 11. Bxd5 {[%emt 0:09:02]} Nxd5 {[%emt 0:00:06]} 12. c4 {[%emt 0:00:06]} Nde7 {[%emt 0:00:20]} 13. Qc2 {[%emt 0:00:05]} a5 {[%emt 0:08:15]} 14. O-O-O {[%emt 0:09:48]} Rfb8 {[%emt 0:06:00]} 15. d4 {[%emt 0:09:10]} (15. h4 $11) 15... exd4 {[%emt 0:15:17]} 16. Nxd4 {[%emt 0:06:39]} Nxd4 {[%emt 0:06:49]} 17. Bxd4 {[%emt 0:01:40]} Bxd4 {[%emt 0:01:44]} 18. exd4 {[%emt 0:00:05]} d5 {[%emt 0:01:58]} 19. g4 {[%emt 0:12:02]} Qd6 {[%emt 0:02:20]} 20. Kb2 {[%emt 0:07:27]} a4 {[%emt 0:02:47]} 21. b4 {[%emt 0:01:50]} Qf4 {[%emt 0:00:43]} 22. Qd3 {[%emt 0:08:08]} (22. Rhe1 $11 {keeps the balance.} Re8 23. Nb1) 22... dxc4 {[%emt 0:03:30]} ({Don't play} 22... Qxf2 $6 23. Rhf1 $11) 23. Nxc4 {[%emt 0:01:51]} Rd8 {[%emt 0:01:17]} 24. Qd2 {[%emt 0:05:34]} Nd5 {[%emt 0:00:56]} 25. Qxf4 {[%emt 0:01:37]} Nxf4 {[%emt 0:00:16]} 26. Rhe1 {[%emt 0:05:25]} Re8 {[%emt 0:00:16]} 27. Re3 {[%emt 0:02:10]} Rxe3 {[%emt 0:00:55]} 28. fxe3 {[%emt 0:00:16]} Nxh3 {[%emt 0:00:05]} 29. b5 {[%emt 0:00:28]} Nf2 {[%emt 0:00:40]} 30. Rg1 {[%emt 0:00:32]} Re8 {[%emt 0:00:33]} 31. Rg2 {[%emt 0:03:52]} Nd1+ {[%emt 0:00:32]} 32. Kc1 {[%emt 0:00:17]} Nc3 {[%emt 0:00:05]} ({Much weaker is} 32... Nxe3 33. Re2 $11) 33. b6 {[%emt 0:00:24]} cxb6 {[%emt 0:00:46]} 34. Kc2 {[%emt 0:00:34]} (34. Rb2 {might work better.}) 34... Nd5 {[%emt 0:00:15]} 35. Kd2 {[%emt 0:00:27]} b5 {[%emt 0:00:22]} 36. Nd6 {[%emt 0:00:49]} Rxe3 {[%emt 0:00:51]} 37. Nxb5 {[%emt 0:00:07]} Rb3 $19 {[%emt 0:00:06]} 0-1

[Event "ROU-ch Men 2018"]
[Site "Olanesti"]
[Date "2018.05.14"]
[Round "1"]
[White "Berechet, Stefan-Mario"]
[Black "Banzea, Alexandru-Bogdan"]
[Result "0-1"]
[WhiteElo "1879"]
[BlackElo "2325"]
[Annotator "NA"]
[PlyCount "90"]
[EventDate "2018.??.??"]
[EventType "swiss"]
[EventCountry "ROU"]
[SourceTitle "playchess.com"]
[Source "ChessBase"]
[SourceQuality "1"]
[TimeControl "40/5400+30:1800+30"]

1. c4 {[%emt 0:00:00]} Nf6 {[%emt 0:00:35]} 2. Nf3 {[%emt 0:00:00]} e6 {[%emt 0:00:27]} 3. g3 {[%emt 0:00:00]} d5 {[%emt 0:00:05]} 4. Bg2 {[%emt 0:00:05]} Be7 {[%emt 0:00:17]} 5. b3 {[%emt 0:00:07] A13: English Opening: 1...e6} (5. O-O O-O 6. b3 c5 7. cxd5 Nxd5 8. Nc3 Nc6 9. Bb2 Nxc3 10. dxc3 Qc7 11. Qc2 b6 12. Bc1 Bb7 13. Bf4 Qc8 14. Rad1 Rd8 15. h4 h6 16. Rxd8+ Nxd8 17. Rd1 {1-0 (59) Karjakin,S (2753)-Kramnik,V (2787) Wijk aan Zee 2018}) 5... d4 {[%emt 0:00:29]} 6. Bb2 {[%emt 0:00:05]} c5 {[%emt 0:00:34]} 7. b4 {[%emt 0:01:00]} O-O {[%emt 0:00:26]} 8. O-O {[%emt 0:00:25]} a5 {[%emt 0:15:07]} 9. bxc5 {[%emt 0:08:56]} Nc6 {[%emt 0:01:15] LiveBook: 5 Games} 10. Na3 {[%emt 0:03:56]} e5 {[%emt 0:02:37]} 11. d3 {[%emt 0:01:15]} Nd7 {[%emt 0:00:58]} 12. Nb5 {[%emt 0:00:52]} Nxc5 {[%emt 0:01:26]} 13. Nd2 {[%emt 0:01:08]} f5 $146 {[%emt 0:06:20]} ({Predecessor:} 13... Bg4 14. Ne4 Qd7 15. Nxc5 Bxc5 {1-0 (59) Varnam,L (2107)-Waters,C (2129) Torquay 2013}) 14. Nb3 {[%emt 0:04:25]} Ne6 {[%emt 0:01:13]} 15. a4 {[%emt 0:03:16]} Kh8 {[%emt 0:02:10]} (15... f4 $1 $15) 16. Ba3 $17 {[%emt 0:01:50]} (16. e3 $14 {keeps the upper hand.}) 16... Bxa3 {[%emt 0:00:37]} 17. Rxa3 {[%emt 0:00:39]} Nb4 {[%emt 0:10:08]} 18. Qd2 {[%emt 0:00:50]} f4 {[%emt 0:01:16]} 19. Raa1 {[%emt 0:07:57]} Ng5 {[%emt 0:04:12]} 20. h4 Ne6 {[%emt 0:01:56]} 21. Rab1 {[%emt 0:03:59]} Nc6 {[%emt 0:00:31]} 22. Be4 {[%emt 0:15:52]} g5 {[%emt 0:01:42]} 23. Kg2 {[%emt 0:01:44]} gxh4 {[%emt 0:03:02]} 24. Rh1 {[%emt 0:00:12]} Rg8 {[%emt 0:00:16]} 25. Rxh4 {[%emt 0:02:26]} Qxh4 {[%emt 0:01:13]} 26. Rh1 {[%emt 0:00:03]} Rxg3+ {[%emt 0:00:33]} 27. fxg3 {[%emt 0:00:31]} Qxg3+ {[%emt 0:00:10]} 28. Kf1 {[%emt 0:00:03]} Ng5 {[%emt 0:00:14]} 29. Bg2 {[%emt 0:01:06]} Bg4 {[%emt 0:01:16]} 30. Nd6 {[%emt 0:01:08]} Rf8 {[%emt 0:00:43]} 31. Qe1 {[%emt 0:00:43]} Bxe2+ {[%emt 0:00:54]} 32. Qxe2 {[%emt 0:00:23]} f3 {[%emt 0:00:07]} 33. Bxf3 {[%emt 0:01:41]} Rxf3+ {[%emt 0:00:06]} 34. Qxf3 {[%emt 0:00:14]} Qxf3+ {[%emt 0:00:16]} 35. Kg1 {[%emt 0:00:09]} Qg3+ {[%emt 0:00:08]} 36. Kf1 {[%emt 0:00:06]} Qxd3+ {[%emt 0:00:06]} 37. Kf2 {[%emt 0:00:15]} Qf3+ {[%emt 0:00:05]} 38. Kg1 {[%emt 0:00:12]} Qxb3 {[%emt 0:00:07]} 39. c5 {[%emt 0:00:25]} d3 {[%emt 0:00:33]} 40. Kh2 {[%emt 0:00:00]} d2 {[%emt 0:00:10]} 41. Rf1 {[%emt 0:00:45]} Qh3+ {[%emt 0:00:14]} 42. Kg1 {[%emt 0:00:06]} Qg3+ {[%emt 0:00:11]} 43. Kh1 {[%emt 0:00:15]} Nf3 {[%emt 0:00:31]} 44. Nf7+ {[%emt 0:00:11]} Kg7 {[%emt 0:00:03]} 45. Rxf3 {[%emt 0:00:22]} d1=R+ {[%emt 0:00:08]} 0-1

[Event "ROU-ch Men 2018"]
[Site "Olanesti"]
[Date "2018.05.14"]
[Round "1"]
[White "Pislariu, Stefanel-Vasilica"]
[Black "Posedaru, Bogdan"]
[Result "0-1"]
[WhiteElo "1863"]
[BlackElo "2307"]
[Annotator "ChessBase"]
[PlyCount "66"]
[EventDate "2018.??.??"]
[EventType "swiss"]
[EventCountry "ROU"]
[SourceTitle "playchess.com"]
[Source "ChessBase"]
[SourceQuality "1"]
[TimeControl "40/5400+30:1800+30"]

1. d4 {[%emt 0:00:00]} d5 {[%emt 0:00:04]} 2. c4 {[%emt 0:00:00]} e6 {[%emt 0:00:05]} 3. Nc3 {[%emt 0:00:05]} c6 {[%emt 0:00:09]} 4. Nf3 {[%emt 0:01:25]} dxc4 {[%emt 0:01:01]} 5. a4 {[%emt 0:00:40]} Bb4 {[%emt 0:00:28]} 6. g3 {[%emt 0:01:01]} Nf6 {[%emt 0:06:35]} 7. Bg2 {[%emt 0:00:29]} Nbd7 {[%emt 0:00:10]} 8. O-O {[%emt 0:01:34]} a5 {[%emt 0:00:16]} 9. Bg5 {[%emt 0:01:57]} h6 {[%emt 0:07:19]} 10. Bxf6 {[%emt 0:03:18]} Qxf6 {[%emt 0:00:08]} 11. e4 {[%emt 0:01:59]} e5 {[%emt 0:05:20]} 12. d5 {[%emt 0:08:11]} O-O {[%emt 0:08:57]} 13. Qc2 {[%emt 0:03:28]} Nb6 {[%emt 0:03:23]} 14. dxc6 {[%emt 0:06:16]} bxc6 {[%emt 0:00:29]} 15. Na2 {[%emt 0:08:44]} Bc5 {[%emt 0:10:08]} 16. Nd2 {[%emt 0:19:05]} Ba6 {[%emt 0:03:58]} 17. Nc3 {[%emt 0:02:49]} Rfd8 {[%emt 0:00:32]} 18. Rad1 {[%emt 0:02:02]} Rd3 {[%emt 0:03:00]} 19. Ne2 {[%emt 0:06:37]} Rad8 {[%emt 0:03:46]} 20. Nc1 {[%emt 0:00:23]} R3d6 {[%emt 0:01:31]} 21. Nf3 {[%emt 0:03:18]} c3 {[%emt 0:00:37]} 22. Rxd6 {[%emt 0:03:40]} Rxd6 {[%emt 0:06:03]} 23. Re1 {[%emt 0:01:17]} Rd2 {[%emt 0:00:52]} 24. Qxc3 {[%emt 0:03:15]} Bxf2+ {[%emt 0:00:08]} 25. Kh1 {[%emt 0:00:26]} Bxe1 {[%emt 0:00:19]} 26. Nxd2 {[%emt 0:00:33]} Nc4 {[%emt 0:02:25]} 27. Ncb3 {[%emt 0:01:23]} Qd8 {[%emt 0:08:00]} 28. Bf1 Bxd2 {[%emt 0:00:32]} 29. Nxd2 {[%emt 0:02:26]} Qxd2 {[%emt 0:00:40]} 30. Qxd2 {[%emt 0:00:52]} Nxd2 {[%emt 0:00:06]} 31. Bxa6 {[%emt 0:00:04]} Nb3 32. Kg2 {[%emt 0:01:11]} Nc5 {[%emt 0:01:31]} 33. Kf3 {[%emt 0:01:00]} Nxa6 {[%emt 0:00:08]} 0-1

[Event "ROU-ch Men 2018"]
[Site "Olanesti"]
[Date "2018.05.14"]
[Round "1"]
[White "Bobocea, Laurentiu-Vlad"]
[Black "Pisu, Robert-Daniel"]
[Result "0-1"]
[WhiteElo "1853"]
[BlackElo "2254"]
[Annotator "TA"]
[PlyCount "36"]
[EventDate "2018.??.??"]
[EventType "swiss"]
[EventCountry "ROU"]
[SourceTitle "playchess.com"]
[Source "ChessBase"]
[SourceQuality "1"]

{[%evp 15,36,0,16,-94,-90,-126,-131,-204,-215,-206,-218,-198,-212,-187,-213,-270,-273,-277,-266,-319,-318,-285,-278]} 1. d4 Nf6 2. c4 c5 3. d5 b5 {[%cal Bb7b5,Bb5b4][%mdl 32]} 4. Nf3 e6 5. Bg5 exd5 6. cxd5 h6 7. Bxf6 Qxf6 8. Nc3 {E10: Blumenfeld Gambit} (8. Qc2 Be7 9. e4 Qb6 10. a4 bxa4 11. Be2 d6 12. O-O O-O 13. Nbd2 Bd7 14. Nc4 Qc7 15. Ne3 a6 16. Rfe1 {1-0 (30) Wang,Y (2697)-Vallejo Pons,F (2705) Beijing 2011}) 8... b4 {LiveBook: 7 Games} 9. Nb5 {[#]} (9. Na4 $11 {keeps the balance.}) 9... Qb6 $1 $17 {[%cal Rb6b5]} 10. Qd3 {[#] Black must now prevent d6.Black is better.} d6 $1 11. a3 (11. e4 $17) 11... Bd7 $19 12. e3 $146 {And now axb4 would win.} ({Predecessor:} 12. e4 a6 13. Nxd6+ Bxd6 14. e5 O-O 15. exd6 Re8+ {½-½ (50) Maksimovic,B (2408)-Cajic,M (2160) Kragujevac 2000}) 12... a6 13. axb4 Bxb5 14. Qe4+ Be7 {Hoping for ...Nd7.} 15. bxc5 Qxc5 {Black has a decisive advantage.} 16. Bxb5+ Qxb5 17. Nd4 Qb4+ ({Inferior is} 17... Qxb2 18. O-O $11) 18. Ke2 Ra7 0-1

[Event "ROU-ch Men 2018"]
[Site "Olanesti"]
[Date "2018.05.14"]
[Round "1"]
[White "Cenusa, Mihai"]
[Black "Rusan, Paul-Cristian"]
[Result "0-1"]
[WhiteElo "1819"]
[BlackElo "2213"]
[Annotator "NA"]
[PlyCount "88"]
[EventDate "2018.??.??"]
[EventType "swiss"]
[EventCountry "ROU"]
[SourceTitle "playchess.com"]
[Source "ChessBase"]
[SourceQuality "1"]
[TimeControl "40/5400+30:1800+30"]

{[%evp 8,72,-2,-7,14,0,14,0,10,-52,0,-56,-39,-52,-32,-48,-26,-58,-43,-47,-59,-59,-35,-58,-45,-103,-94,-187,-163,-315,-259,32767,-233,32767,32767,32767,32767,32767,32767,32767,32767,-808,32767,-435,-447,-463,32767,32767,-749,32767,32767,32767,-527,32767,32767,32767,-566,-521,-637,-670,-569,-439,-521,-1168,-1656,-1185,-1498]} 1. e4 {[%emt 0:00:00]} c5 {[%emt 0:00:15]} 2. Nc3 {[%emt 0:00:21]} e6 {[%emt 0:00:39]} 3. Nf3 {[%emt 0:00:40]} a6 {[%emt 0:00:44]} 4. d3 {[%emt 0:01:06]} Nc6 {[%emt 0:02:25] LiveBook: 4 Games} 5. Be2 {[%emt 0:03:23] B40: Sicilian: 2...e6, Unusual lines} (5. g3 d6 6. Bg2 Nf6 7. O-O Be7 8. a4 O-O 9. Re1 Qc7 10. Bf4 Nd7 11. Bg5 Nde5 12. Bxe7 Nxf3+ 13. Bxf3 Qxe7 14. Bg2 Bd7 15. f4 Rfc8 16. Qd2 Qd8 17. Kh1 h6 {0-1 (52) Kuzin,A (2385)-Savon,V (2461) Tula 2004}) 5... d5 {[%emt 0:02:38]} 6. exd5 {[%emt 0:00:34]} exd5 {[%emt 0:00:18]} 7. O-O {[%emt 0:00:21]} Nf6 {[%emt 0:04:43]} 8. b3 $146 {[%emt 0:03:53]} ({White should try} 8. Bg5 $11) ({Predecessor:} 8. Re1 Be7 9. h3 O-O 10. Bf1 h6 11. Ne2 Bd6 12. d4 Qb6 13. dxc5 Bxc5 {0-1 (46) Barbosa,D (1818)-Herrera,M (2147) Quibdo 2015}) 8... h6 {[%emt 0:02:57]} 9. Bf4 {[%emt 0:01:54]} ({White should try} 9. d4 $11) 9... Bd6 {[%emt 0:04:46]} 10. Bxd6 {[%emt 0:01:46]} Qxd6 {[%emt 0:00:17]} 11. d4 {[%emt 0:00:55]} O-O {[%emt 0:07:55]} 12. dxc5 {[%emt 0:00:43]} Qxc5 {[%emt 0:01:23]} 13. Na4 {[%emt 0:00:11]} Qa7 {[%emt 0:00:37]} 14. h3 {[%emt 0:05:57]} Bf5 {[%emt 0:01:07]} 15. Bd3 {[%emt 0:04:04]} Ne4 {[%emt 0:03:31]} 16. Nh4 {[%emt 0:16:00]} (16. Qc1 $15) 16... Bh7 {[%emt 0:00:50]} 17. Bxe4 {[%emt 0:00:06]} (17. Nf3 $17 {was called for.}) 17... dxe4 {[%emt 0:01:40]} ({But not} 17... Bxe4 18. Nc3 $15) 18. g3 {[%emt 0:00:43]} (18. c4 {was called for.}) 18... Rad8 {[%emt 0:08:22]} 19. Qe1 {[%emt 0:04:37]} Nd4 {[%emt 0:09:30]} 20. Rc1 {[%emt 0:01:20]} Rfe8 {[%emt 0:05:55]} 21. Kh1 {[%emt 0:10:35]} b5 {[%emt 0:02:58]} 22. Nb2 {[%emt 0:11:43]} Qd7 {[%emt 0:07:45]} 23. g4 {[%emt 0:00:24]} Qe7 {[%emt 0:04:35]} 24. f4 {[%emt 0:14:07]} exf3 {[%emt 0:04:13]} 25. Qxe7 {[%emt 0:03:42]} Rxe7 {[%emt 0:00:09]} 26. Rcd1 {[%emt 0:00:25]} Bxc2 {[%emt 0:01:17]} 27. Rd2 {[%emt 0:00:06]} Re2 {[%emt 0:02:19]} 28. Rf2 {[%emt 0:02:10]} Rxf2 {[%emt 0:06:52]} 29. Rxf2 {[%emt 0:00:05]} g5 {[%emt 0:01:08]} 30. Nf5 {[%emt 0:01:24]} Bxf5 {[%emt 0:01:07]} 31. gxf5 {[%emt 0:00:17]} Rd5 {[%emt 0:01:20]} 32. Nd1 {[%emt 0:02:15]} Nxf5 {[%emt 0:01:22]} 33. Nc3 {[%emt 0:00:57]} Ng3+ {[%emt 0:03:08]} 34. Kh2 {[%emt 0:00:46]} Rd3 {[%emt 0:00:13]} 35. Nb1 {[%emt 0:01:29]} (35. Kxg3 $142 Rxc3 36. Kg4) 35... Ne4 $19 {[%emt 0:00:23]} 36. Rf1 {[%emt 0:01:52]} b4 {[%emt 0:01:16]} 37. Re1 {[%emt 0:01:40]} f5 {[%emt 0:00:33]} 38. Rc1 {[%emt 0:00:13]} Kg7 {[%emt 0:00:35]} 39. h4 {[%emt 0:02:05]} g4 {[%emt 0:02:03]} 40. a3 {[%emt 0:00:00]} a5 {[%emt 0:00:14]} 41. axb4 {[%emt 0:01:11]} axb4 {[%emt 0:00:08]} 42. h5 {[%emt 0:00:18]} Kf6 {[%emt 0:00:24]} 43. Rc4 {[%emt 0:01:37]} Rxb3 {[%emt 0:00:27]} 44. Rc8 {[%emt 0:00:23]} Rb2+ {[%emt 0:00:16]} 0-1

[Event "ROU-ch Men 2018"]
[Site "Olanesti"]
[Date "2018.05.15"]
[Round "2"]
[White "Istratescu, Andrei"]
[Black "Stanciu, Alexandru-Ovidiu"]
[Result "1-0"]
[WhiteElo "2589"]
[BlackElo "2363"]
[Annotator "TA"]
[PlyCount "85"]
[EventDate "2018.??.??"]
[EventType "swiss"]
[EventCountry "ROU"]
[SourceTitle "playchess.com"]
[Source "ChessBase"]
[SourceQuality "1"]

{[%evp 34,85,43,42,60,54,95,86,89,85,159,158,156,102,131,102,120,131,130,125,93,25,25,29,29,25,37,32,27,0,95,-34,-54,-262,-212,-225,-197,-318,-180,-168,12,12,12,12,12,12,214,204,280,255,455,455,455,455]} 1. d4 Nf6 2. c4 c5 3. d5 e6 4. Nc3 exd5 5. cxd5 d6 6. e4 g6 7. h3 Bg7 8. Nf3 O-O 9. Bd3 a6 10. a4 Re8 11. O-O Nh5 12. Bg5 Bf6 13. Be3 Nd7 14. Re1 {A70: Modern Benoni: 6 e4 g6 7 Nf3} (14. Qd2 Ne5 15. Be2 Nxf3+ 16. Bxf3 Ng7 {½-½ (16) Kazhgaleyev,M (2594)-Ponomariov,R (2709) chess.com INT 2017}) 14... Ne5 15. Be2 Nxf3+ 16. Bxf3 Ng7 17. Qd2 Rb8 18. Rab1 {LiveBook: 8 Games} Qc7 {[#]} 19. Rec1 $146 ({Predecessor:} 19. g4 Bd7 20. Bg2 b5 21. axb5 axb5 {½-½ (36) Epishin,V (2550)-Chekhov,V (2455) Warsaw 1990}) 19... Qa5 20. b4 cxb4 21. Ne2 Bd7 (21... Qxa4 $142 22. Rxb4 Qd7) 22. Rxb4 $16 b5 23. Nd4 (23. Bg4 $142 $1 {[%cal Rg4d7]} Qd8 24. axb5 Rxb5 25. Rxb5 Bxb5 26. Nd4) 23... Rbc8 24. Rcb1 bxa4 {[#]} 25. Nc6 $1 {[%mdl 512]} Bxc6 26. Bb6 {[#]} Qxb4 $1 27. Qxb4 (27. Rxb4 $16 Bb5 28. Bd4 Bxd4 29. Rxd4 (29. Qxd4 Rc1+ 30. Kh2 f5 $14)) 27... Bb5 $11 28. Qxd6 Be5 29. Qb4 {Threatens to win with d6.} Rc4 30. Qd2 a3 {White should prevent ...Ra4.} 31. Qa2 Ra4 (31... Rc3 $11 {keeps the balance.} 32. Re1 Bc4) 32. Bd1 (32. Rc1 $1 $16) 32... Rxe4 $15 {[%cal Re4e1]} 33. Bb3 $2 (33. Bf3 $15 Ra4 34. Bd1) 33... Bd6 $1 $19 {( -> ...Re1+)} 34. Qa1 Re2 35. g4 (35. Rc1 {is a better defense.}) 35... a2 (35... h5 $142 36. Bd4 Bb4) 36. Rd1 {[#] Threatening Bd4.} Be5 $2 (36... h5 $1 $19 {[%cal Rh5g4] aiming for ...hxg4.} 37. Bd4 (37. Bxa2 $2 hxg4 38. hxg4 R8e4 $19) 37... hxg4 38. Bxg7 g3) 37. Bd4 $36 {[%mdl 2048] Black is under pressure.} Bxd4 38. Qxd4 Re1+ 39. Kg2 {Rxe1 is the strong threat.} R1e4 $2 (39... Bf1+ $11 {and Black is okay.} 40. Kg3 R8e4 41. Qxe4 Rxe4 42. Rxf1 Ne8) 40. Qa1 $18 h5 {[#]} 41. d6 $1 {[%cal Bd5d6,Bd6d7][%mdl 32]} ({Inferior is} 41. Bxa2 hxg4 42. d6 gxh3+ 43. Kxh3 Bd7+ 44. Kh2 Rh4+ 45. Kg1 Rg4+ 46. Kh1 Nh5 $11) 41... hxg4 $2 (41... Ne6 {was worth a try.} 42. gxh5 (42. Qxa2 hxg4 43. Bxe6 R4xe6 $18) 42... Nf4+ 43. Kh2 Nxh5 44. Qxa2 Re2) 42. d7 gxh3+ 43. Kh2 {Precision: White = 54%, Black = 31%.} 1-0